Online
Catalog

Sueños de mujer al desnudo / (Record no. 16658)

MARC details
000 -CABECERA
campo de control de longitud fija 00711nam a2200205 a 4500
001 - NÚMERO DE CONTROL
campo de control 000017132
005 - FECHA Y HORA DE LA ÚLTIMA TRANSACCIÓN
campo de control 20200929165030.0
008 - DATOS DE LONGITUD FIJA--INFORMACIÓN GENERAL
campo de control de longitud fija 100318s2008 dr c 000 0 spa d
020 ## - NÚMERO INTERNACIONAL ESTÁNDAR DEL LIBRO
Número Internacional Estándar del Libro 9789945420494
040 ## - FUENTE DE LA CATALOGACIÓN
Centro catalogador/agencia de origen DO-SdBNP
Lengua de catalogación spa
Centro/agencia transcriptor BNPHU
082 ## - NÚMERO DE LA CLASIFICACIÓN DECIMAL DEWEY
Número de clasificación RD861.5
Número de documento/Ítem R459s
100 1# - ENTRADA PRINCIPAL--NOMBRE DE PERSONA
Nombre de persona Reyna, Renania
9 (RLIN) 37733
245 10 - MENCIÓN DE TÍTULO
Título Sueños de mujer al desnudo /
Mención de responsabilidad, etc. Renania Reyna ; presentación Lissette Ramírez.
260 ## - PUBLICACIÓN, DISTRIBUCIÓN, ETC.
Lugar de publicación, distribución, etc. Santo Domingo :
Nombre del editor, distribuidor, etc. Editora Nacional
-- Ángeles de Fierro
-- Nacional,
Fecha de publicación, distribución, etc. 2008.
300 ## - DESCRIPCIÓN FÍSICA
Extensión 58 p. :
Otras características físicas retrs. ;
Dimensiones 21 cm.
500 ## - NOTA GENERAL
Nota general Incluye datos biográficos de la autora.
590 ## - NOTA LOCAL (RLIN)
Nota local Inventariado, 2019 / DG
700 1# - PUNTO DE ACCESO ADICIONAL--NOMBRE DE PERSONA
Nombre de persona Ramírez, Lissette
9 (RLIN) 37730
910 ## - DATOS DE OPCIÓN DEL USUARIO (OCLC)
Datos de opción del usuario Validado. Control de calidad BNPHU
Holdings
Estado de retiro Estado de pérdida Restricciones de uso No para préstamo Código de colección Localización permanente Ubicación/localización actual Ubicación en estantería Fecha de adquisición Número de inventario Total de préstamos Signatura topográfica completa Código de barras Fecha visto por última vez Número de copia Precio válido a partir de Tipo de ítem Koha
        Dominicana de Servicio General General Depósito 18.03.2010 LF1   RD861.5 R459s 17132-30 25.06.2020 e. 3 25.06.2020 Libro y Folleto Colección Dominicana de Servicio
        Dominicana de Servicio General General Depósito 12.11.2012 LF1   RD861.5 R459s 17132-40 25.06.2020 e. 4 25.06.2020 Libro y Folleto Colección Dominicana de Servicio
        Dominicana de Servicio General General Depósito 12.11.2012 LF1   RD861.5 R459s 17132-50 25.06.2020 e. 5 25.06.2020 Libro y Folleto Colección Dominicana de Servicio
        Patrimonio Dominicano Patrimonio Dominicano Patrimonio Dominicano Depósito 18.03.2010 LF1   RD861.5 R459s 17132-10 25.06.2020   25.06.2020 Libro y Folleto Colección Patrimonio Dominicano
      Préstamo restrigido Patrimonio Dominicano Patrimonio Dominicano Patrimonio Dominicano Depósito 18.03.2010 LF1   RD861.5 R459s 17132-20 25.06.2020 e. 2 25.06.2020 Libro y Folleto Colección Patrimonio Dominicano

Powered by Koha